000 00698nam a2200229 i 4500
001 bg
100 1 _aGRYSA, Krzysztof
245 1 0 _aZastosowania matematyki w zarządzaniu i ekonomii
_nCz. 1,
_pElementy algebry /
_cKrzysztof Grysa.
260 _aKielce :
_bPŚ,
_c1994.
300 _a176, [1] s. ;
_c24 cm.
490 1 _aMateriały Pomocnicze i Informacyjne ;
_vnr 41
504 _aBibliogr. s. [177].
650 9 _aEkonomia
_xmatematyka
650 9 _aAlgebra
_xmatematyka
655 _aPodręczniki akademickie
830 _aMateriały Pomocnicze i Informacyjne ;
040 _cBPK
041 0 _apl
080 _a33:512](075.8)
942 _cKS
008 s pl f |000 0 pol
999 _c6676
_d6676
856 _uhttp://koha.tu.koszalin.pl/cgi-bin/koha/opac-detail.pl?biblionumber=6676
_yKatalog online BPK